Balance regional
Se realiza una descripción del proceso por el cual han pasado las regiones centroamericanas en los ámbitos políticos y económicos durante el año, sintetizando las características más relevantes de cada país. WMV
Guardat en:
| Format: | Text |
|---|---|
| Matèries: | |
| Etiquetes: |
Afegir etiqueta
Sense etiquetes, Sigues el primer a etiquetar aquest registre!
|
MARC
| LEADER | 00000 a a2200000 04500 | ||
|---|---|---|---|
| 001 | 6028 | ||
| 003 | |||
| 040 | |||
| 245 | |a Balance regional | ||
| 520 | |a Se realiza una descripción del proceso por el cual han pasado las regiones centroamericanas en los ámbitos políticos y económicos durante el año, sintetizando las características más relevantes de cada país. WMV | ||
| 650 | |a POLITICA | ||
| 650 | |a ESTADO | ||
| 650 | |a POLITICA ECONOMICA | ||
| 650 | |a CRISIS ECONOMICA | ||
| 773 | |g volumen 16, número 691; páginas 24-27 | ||
| 999 | |c 29517 |d 29517 | ||
